Things in Other Words Quiz Stats

Quiz Updated Apr 5, 2016

Challenge
Share
Tweet
Embed
Score 0/81 Timer 15:00
0 Plays Today
% Correct
Jets
94.3%
Patriots
91.8%
Orbit
88.5%
The Gap
84.6%
Vikings
83.8%
Eclipse
82.8%
Saints
82.4%
Turkey
78.6%
Bills
77.3%
Browns
76.7%
Colts
75.8%
Big Red
73.7%
Iceland
73.7%
Trident
72.7%
Cowboys
69.1%
Hungary
68.1%
beetle
67.9%
salsa
67.7%
cricket
67.3%
fly
65.6%
tick
65.4%
Kmart
63.8%
China
62.8%
grasshopper
60.4%
Titans
59.5%
Mighty Mouse
57.4%
Best Buy
56.3%
% Correct
Doublemint
55.4%
forget-me-not
54.3%
Golden Retriever
51.4%
Greece
51.1%
earwig
51%
walking stick
50.6%
jitterbug
48%
baby's breath
45.9%
Charleston
45.3%
Porky Pig
45.1%
Pointer
44.3%
Chocolate Lab
43.2%
Chihuahua
42.9%
Old Navy
42.5%
Yogi Bear
42.2%
Home Depot
42.1%
twist
41.7%
fox trot
41.4%
Great Dane
41.3%
Chile
39.8%
rose
39%
yellow jacket
38.7%
Thailand
38.7%
The Netherlands
37.9%
Stride
37%
Fat Albert
36.7%
flea
36.3%
% Correct
Juicy Fruit
35.6%
sunflower
35.6%
swing
35.4%
German Shepherd
34%
dandelion
32.6%
Woody Woodpecker
29.1%
Dentyne
28.8%
Boxer
28.5%
quickstep
28.5%
Barnes & Noble
27.2%
Quick Draw McGraw
26.6%
bachelor's button
26.5%
lily
24.1%
Bazooka
23.9%
Denmark
23.5%
Top Cat
23.3%
Huckleberry Hound
22.9%
Papillon
19.9%
four o'clocks
17.4%
carnation
16.2%
Sears
15.4%
hustle
14.7%
Popeye
14.5%
Bloomingdales
10%
Forever 21
6.8%
Siberian Husky
6.7%
limbo
2.9%

You're not logged in!

Compare scores with friends on all Sporcle quizzes.
Sign Up with Email
OR
Log In

You Might Also Like...

Show Comments

Extras

Top Quizzes Today


Score Distribution

Your Account Isn't Verified!

In order to create a playlist on Sporcle, you need to verify the email address you used during registration. Go to your Sporcle Settings to finish the process.